000 00296nam a2200133Ia 4500
008 240624s9999 xx 000 0 und d
041 _aeng
082 _a823 WOO
100 _aWOOD NORWEGIAN
245 _aNORWEGIAN WOOD
260 _c2003
_aLondon
_bVintage
300 _a389 : p.
365 _cRS
999 _c27842
_d27842